| 000 | 00704nam a2200181Ia 4500 | ||
|---|---|---|---|
| 008 | 151202s9999||||xx |||||||||||||| ||und|| | ||
| 082 | _bPNVM-86186 | ||
| 100 | _aचांदोरकर स्वाती. | ||
| 245 | _aआणि विक्रमादित्य हरला. | ||
| 260 | _b"मेहता पब्लिशिंग हाऊस,पुणे." | ||
| 260 | _c2013 | ||
| 300 | _a150 | ||
| 600 | _aचांदोरकर स्वाती. | ||
| 630 | _aआणि विक्रमादित्य हरला. | ||
| 700 | _aचांदोरकर स्वाती. | ||
| 730 | _aआणि विक्रमादित्य हरला. | ||
| 942 | _cBOOK | ||
| 999 |
_c1350232 _d1350229 |
||